Zmeny v štruktúre a finančnej výkonnosti podnikov cestovného ruchu v regiónoch SR
Cestovný ruch ako dôležitý faktor rozvoja regiónu. Hodnotenie zmien v štruktúre a finančnej výkonnosti podnikov cestovného ruchu v regiónoch SR v období rokov 2011-2016. Vývoj počtu podnikov ubytovacích a stravovacích služieb v jednotlivých regiónoch v období rokov 2011-2016. Vývoj počtu zaniknutých...
Saved in:
| Main Author: | |
|---|---|
| Other Authors: | |
| Format: | Book Chapter |
| Language: | Slovak |
| Subjects: | |
| Tags: |
No Tags, Be the first to tag this record!
|
MARC
| LEADER | 00000nla a2200000 4500 | ||
|---|---|---|---|
| 001 | 0246488 | ||
| 005 | 20240502083658.3 | ||
| 041 | 0 | |a slo | |
| 044 | |a CZ | ||
| 245 | 1 | 0 | |a Zmeny v štruktúre a finančnej výkonnosti podnikov cestovného ruchu v regiónoch SR |c Elena Moravčíková, Marek Dvořák |
| 520 | |a Cestovný ruch ako dôležitý faktor rozvoja regiónu. Hodnotenie zmien v štruktúre a finančnej výkonnosti podnikov cestovného ruchu v regiónoch SR v období rokov 2011-2016. Vývoj počtu podnikov ubytovacích a stravovacích služieb v jednotlivých regiónoch v období rokov 2011-2016. Vývoj počtu zaniknutých a vzniknutých podnikov ubytovacích a stravovacích služieb v rokoch 2011-2014. Vybrané ukazovatele, jednotlivé právne formy ubytovacích a stravovacích služieb (2014-2016), medián. | ||
| 610 | 2 | 0 | |a ruch cestovný |
| 610 | 2 | 0 | |a služby |
| 610 | 2 | 0 | |a zariadenia ubytovacie |
| 610 | 2 | 0 | |a zariadenia stravovacie |
| 610 | 2 | 0 | |a podnik ruchu cestovného |
| 610 | 2 | 0 | |a výkonnosť |
| 610 | 2 | 0 | |a financie |
| 610 | 2 | 0 | |a regióny |
| 610 | 2 | 0 | |a kraje |
| 610 | 2 | 0 | |a analýzy |
| 610 | 2 | 0 | |a ukazovatele finančné |
| 610 | 2 | 0 | |a Slovensko |
| 100 | 1 | |a Moravčíková, Elena, 1967- | |
| 700 | 1 | |a Dvořák, Marek | |